| 000 | 01193cam a22003257a 4500 | ||
|---|---|---|---|
| 001 | 14056790 | ||
| 003 | NUST-PNEC | ||
| 005 | 20170116180736.0 | ||
| 008 | 050729s2006 enk 001 0 eng | ||
| 010 | _a 2005931518 | ||
| 015 |
_aGBA577911 _2bnb |
||
| 016 | 7 |
_a013292597 _2Uk |
|
| 020 | _a1846280532 (pbk.) | ||
| 020 | _a9781846280535 | ||
| 035 | _a(OCoLC)ocm61529250 | ||
| 040 |
_aUKM _cPNEC |
||
| 042 | _alccopycat | ||
| 050 | 0 | 0 |
_aQA76.73.F25 _bC488 2006 |
| 082 | 0 | 0 |
_a005.262 CHI _222 |
| 100 | 1 |
_aChivers, I. D. _q(Ian David), _d1952- |
|
| 245 | 1 | 0 |
_aIntroduction to programming with Fortran : with coverage of Fortran 90, 95, 2003, and 77 / _cIan D. Chivers and Jane Sleightholme. |
| 260 |
_aLondon : _bSpringer, _cc2006. |
||
| 300 |
_axx, 591 p. ; _c24 cm. |
||
| 500 | _aIncludes index. | ||
| 650 | 0 |
_aFORTRAN (Computer program language) _xMIS, Computer |
|
| 856 | _uhttp://www.amazon.com/Introduction-Programming-Fortran-coverage-2003/dp/1846280532/ref=sr_1_1?ie=UTF8&qid=1416804224&sr=8-1&keywords=1846280532 | ||
| 906 |
_a7 _bcbc _ccopycat _d2 _encip _f20 _gy-gencatlg |
||
| 942 |
_2ddc _cBK |
||
| 999 |
_c61955 _d61955 |
||